[Oeuvres de Victor Hugo]. (Record no. 155729)

MARC details
000 -LEADER
campo de control de longitud fija 00810nam a2200205 i 4500
001 - NÚMERO DE CONTROL
campo de control 155729
003 - IDENTIFICADOR DE NÚMERO DE CONTROL
campo de control ES-MaACL
005 - FECHA Y HORA DE LA ÚLTIMA TRANSACCIÓN
campo de control 20250716062630.0
008 - DATOS DE LONGITUD FIJA--INFORMACIÓN GENERAL
campo de control de longitud fija 011108s1855 fr a |||| | fre d
040 ## - FUENTE DE CATALOGACIÓN
Centro catalogador/agencia de origen EXT
Lengua de catalogación spa
Centro/agencia transcriptor EXT
100 1# - ENTRADA PRINCIPAL--NOMBRE DE PERSONA
Nombre de persona Hugo, Victor,
Fechas asociadas al nombre 1802-1885
9 (RLIN) 64627
245 10 - MENCIÓN DEL TÍTULO
Título [Oeuvres de Victor Hugo].
260 ## - PUBLICACIÓN, DISTRIBUCIÓN, ETC.
Lugar de publicación, distribución, etc. Paris :
Nombre del editor, distribuidor, etc. J. Hetzel :
-- Librairie Maresq :
-- Librairie Blanchard,
Fecha de publicación, distribución, etc. [1855?] (
Fabricante typographie Simon Raçon et Comp.)
300 ## - DESCRIPCIÓN FÍSICA
Extensión 128 p. :
Otras características físicas il. ;
Dimensiones 28 cm.
500 ## - NOTA GENERAL
Nota general Sin portada, autor y título del principio del texto, datos de edición cabecera de la 1ª página.
505 8# - NOTA DE CONTENIDO CON FORMATO
Nota de contenido con formato Contiene: Han D'Islande / Illustré par J.-A. Beaucé
700 1# - ENTRADA AGREGADA--NOMBRE PERSONAL
Nombre de persona Beaucé, Jean Adolphe.
9 (RLIN) 26804
852 ## - LOCALIZACIÓN
Ubicación ES-MaACL
Número de control de estantería R-1707(7)
Nota libre -- Enc. hol.
-- Enc. en un vol. facticio
Holdings
Estatus retirado Estado de pérdida Estado de daño No para préstamo Colección Biblioteca de origen Biblioteca actual Ubicación en estantería Fecha de adquisición Total de préstamos Signatura topográfica completa Código de barras Visto por última vez Precio de reemplazo Tipo de ítem Koha
        Libros del s. XIX Biblioteca del Ateneo de Madrid Biblioteca del Ateneo de Madrid Depósito 17/01/2008   R-1707(7) 1162898 23/02/2023 23/02/2023 Libro impreso antiguo